000 00533nam a2200217Ia 4500
003 OSt
005 20220918192808.0
006 a|||||r|||| 00| 0
007 ta
008 220917b |||||||| |||| 00| 0 eng d
024 _a70,332
037 _cTextual
040 _aARTS
_cARTS
_beng
041 _2eng
_aeng
082 _aR36, J9
100 _aPieper Josef
_980196
245 0 _aPrudence tr by Richard and Clara Winston
260 _c1959
942 _hR36, J9
_cTEXL
_2CC
999 _c196430
_d196430